[Event "36 Abierto Ciudad de Sevilla"]
[Site "?"]
[Date "2011.01.07"]
[Round "1"]
[White "Cohen Gomez , Daniel"]
[Black "Lalic, Bogdan"]
[Result "0-1"]
[WhiteElo "1871"]
[BlackElo "2491"]
[PlyCount "72"]
[EventDate "2011.01.07"]
[SourceDate "2011.01.07"]

1. e4 c5 2. Nf3 Nc6 3. Bb5 Nf6 4. Nc3 Qc7 5. O-O a6 6. Bxc6 dxc6 7. e5 Nd5 8.
Ne4 Bf5 9. Nxc5 e6 10. Nb3 {Diagrama #} c5 (10... Be7 11. d4 Rd8 12. Bd2 h6 13.
Rc1 Qb8 14. c4 Nc7 15. Na5 Be4 16. Bc3 b6 17. Nd2 Bxg2 18. Kxg2 bxa5 19. Qa4
Qb7 20. Nb3 Bb4 21. Bxb4 axb4 22. Na5 Qc8 23. Qxc6+ Kf8 24. Qc5+ Kg8 25. Nc6
Qb7 26. d5 Kh7 27. Nxd8 Rxd8 28. Qe7 {1-0 Kupreichik,V-Krug,N/Cuxhaven 1993})
11. c3 $2 {un fuerte error posicional} Bd3 $17 12. Re1 b5 13. a4 Rd8 14. axb5
axb5 15. g3 $2 (15. Ng5 {era la única forma de desatascar el desarrollo blanco}
) 15... Be7 $19 16. h4 O-O 17. Nh2 Qb6 18. Qf3 c4 19. Nd4 Bc5 20. b3 Bxd4 21.
cxd4 Qxd4 22. Ba3 b4 23. bxc4 Bxc4 24. Qe4 Qxe4 25. Rxe4 bxa3 26. Rxc4 Ra8 27.
Nf3 Rfb8 28. Rc2 Ra4 29. d4 h6 30. Rca2 Rb3 31. Nd2 Rd3 32. Nf1 Nb4 33. Rd2
Rxd2 34. Nxd2 a2 35. Nb3 Nc2 36. Rc1 a1=Q 0-1

[Event "36 Abierto Ciudad de Sevilla"]
[Site "?"]
[Date "2011.01.08"]
[Round "2"]
[White "Korneev, Oleg"]
[Black "Espejo Montagut, Anatoly"]
[Result "1-0"]
[WhiteElo "2576"]
[BlackElo "2128"]
[PlyCount "59"]
[EventDate "2011.01.08"]
[SourceDate "2011.01.07"]

1. e4 e5 2. Nf3 Nf6 3. d4 Nxe4 4. Bd3 d5 5. dxe5 Be7 6. O-O Bg4 7. Nc3 Nxc3 8.
bxc3 Nd7 9. Re1 Nc5 10. h3 Bh5 11. Bf5 g6 (11... O-O) 12. Bd3 {Diagrama #} g5 {
Consecuente con la jugada anterior, pero este ataque en el flanco no se
justifica ni por un centro cerrado ni por una situación segura del rey propio.
El blanco controlará g4 desde f5 y sedesarrollará} 13. Bf5 Ne6 14. Rb1 Rb8 15.
Qd3 c5 16. Rd1 $16 Qc7 17. g4 Bg6 18. Qb5+ Qd7 19. Qb3 ({más sencillo} 19.
Qxd7+ Kxd7 20. c4 (20. Rxd5+ Kc6 21. Rd1 Rbd8 $16) 20... d4 21. c3 d3 22. Rxd3+
Kc6 23. Be3 Rbd8 24. Rd5 $18) 19... c4 20. Qb5 Qxb5 21. Rxb5 Nc7 22. Rb1 f6 23.
Nd4 (23. Re1) 23... fxe5 $2 (23... Bxf5 24. Nxf5 fxe5 25. Nxe7 Kxe7 26. Bxg5+
Kd7 $11) 24. Nc6 $2 (24. Bxg6+ hxg6 25. Nc6 Rc8 26. Rxb7 $16) 24... Kf7 $2 (
24... Bxf5 25. gxf5 Kd7 26. Nxb8+ Rxb8 $44) 25. Nxe5+ $18 Kg7 26. Be3 Bf6 27.
Nd7 Bxc3 28. Nxb8 Rxb8 29. Bxa7 Bxf5 30. Bxb8 1-0

[Event "36 Abierto Ciudad de Sevilla"]
[Site "?"]
[Date "2011.01.08"]
[Round "2"]
[White "Blanco Perez, David"]
[Black "Spraggett, Kevin"]
[Result "0-1"]
[WhiteElo "2119"]
[BlackElo "2575"]
[PlyCount "72"]
[EventDate "2011.01.08"]
[SourceDate "2011.01.07"]

1. Nf3 Nf6 2. d4 g6 3. Bg5 Bg7 4. c4 d6 5. Nc3 c6 6. h3 O-O 7. e4 a6 8. a4 a5
9. Bd3 Na6 {Diagrama #} 10. e5 $2 dxe5 11. dxe5 Nc5 {
tomando la iniciativa: consecuencia de abrir el centro sin haber enrocado....}
12. Bc2 Nfd7 13. O-O Ne6 14. Bh4 Nxe5 $17 15. Nxe5 Bxe5 16. Qe2 (16. Qxd8 Rxd8
17. Bxe7 Rd2 18. Rac1 Nd4 $17) 16... f6 17. Rfd1 Qb6 $19 18. Ne4 c5 19. Nc3 Nd4
20. Rxd4 cxd4 21. Nd5 Qc5 22. Kh1 e6 23. f4 exd5 24. fxe5 dxc4 25. exf6 Bd7 26.
Qf2 Bc6 27. Rf1 Rf7 28. Qg3 d3 29. Bd1 Re8 30. Bg4 Qd5 31. Bf3 Qd4 32. Bh5 Be4
33. Rf4 d2 34. Kh2 Qd3 35. Qg4 Kh8 36. Qg5 gxh5 0-1

[Event "36 Abierto Ciudad de Sevilla"]
[Site "?"]
[Date "2011.01.08"]
[Round "2"]
[White "Mirzoev, Azer"]
[Black "Pereira Figueroa , Manuel"]
[Result "1-0"]
[WhiteElo "2563"]
[BlackElo "2121"]
[PlyCount "57"]
[EventDate "2011.01.08"]
[SourceDate "2011.01.07"]

1. d4 Nf6 2. c4 g6 3. Nc3 Bg7 4. e4 d6 5. Nf3 O-O 6. Be2 e5 7. Be3 Ng4 8. Bg5
f6 9. Bh4 g5 10. Bg3 Nh6 11. c5 Nc6 12. cxd6 cxd6 13. d5 Ne7 14. O-O (14. Nd2
f5 15. exf5 Nhxf5 16. O-O Ng6 17. Bg4 Bd7 18. a4 Nf4 19. Nce4 b5 20. Bxf5 Bxf5
21. axb5 Nxd5 22. Qb3 Be6 23. Qa3 Nf4 24. Nxd6 h5 25. Rfe1 Qb6 26. Bxf4 Rxf4
27. N2e4 Rd8 28. g3 Rff8 29. Qc3 Qb8 30. Ra6 Bd5 31. Qc5 Bxe4 32. Nxe4 Rf7 33.
Nxg5 Rc7 34. Rd6 {1-0 Halkias,S (2435)-Socko,B (2475)/Calicut 1998}) 14... Nf7
15. Nd2 f5 16. f3 f4 (16... Ng6 $5) 17. Bf2 h5 18. Nc4 {Diagrama #} Nh6 $2 {
era necesario tomar medidas defensivas en el flanco de dama} (18... Bd7 19. Qb3
Qb8) 19. Nb5 $18 Rf6 20. Nxa7 Bd7 21. Nb6 Ng6 22. Nxa8 Qxa8 23. Bb5 Qd8 24.
Bxd7 Qxd7 25. Qc2 Bf8 26. Qc8 Qg7 27. Rac1 g4 28. Rc7 Ne7 29. Rxe7 1-0

[Event "36 Abierto Ciudad de Sevilla"]
[Site "?"]
[Date "2011.01.08"]
[Round "2"]
[White "Morales Barrera , Raul"]
[Black "Lemos, Damian"]
[Result "0-1"]
[WhiteElo "2108"]
[BlackElo "2553"]
[PlyCount "68"]
[EventDate "2011.01.08"]
[SourceDate "2011.01.07"]

1. d4 Nf6 2. c4 e6 3. Nf3 b6 4. g3 Ba6 5. Qa4 Be7 6. Bg2 O-O 7. Nc3 c6 8. Ne5
Qe8 9. b4 Bxc4 10. Nxc4 b5 11. Nxb5 cxb5 12. Qxb5 Nc6 13. Bxc6 dxc6 14. Qa4 Qd8
{la amenaza Dd5, el ataque a d4 y la presión en b4 dan ventaja al negro} 15.
Qb3 Rb8 16. O-O (16. a3 Qxd4 17. Bb2 Qd5 18. O-O) 16... Qxd4 $6 (16... Rxb4 17.
Qd3 Qd5 18. Ne5 c5 $15) 17. Be3 Qg4 18. Ne5 $6 (18. a3) 18... Qe4 19. Nd3 a5
20. a3 axb4 21. axb4 Nd5 22. Ba7 Ra8 23. f3 Qg6 24. Ne5 Qg5 $6 (24... Qh5) 25.
Nxc6 Bf6 26. Ra5 Qd2 27. Ra2 Qc3 {Diagrama #} 28. Qa4 $2 (28. Qxc3 Nxc3 29. Rc2
$18) 28... Nxb4 $15 29. Qxb4 Qxc6 30. Kg2 $2 (30. Rd1) 30... Qd7 31. Bc5 $2 (
31. Qa4) 31... Rxa2 32. Bxf8 Rb2 33. Qa3 Rxe2+ 34. Kh1 Qd2 0-1

[Event "36 Abierto Ciudad de Sevilla"]
[Site "?"]
[Date "2011.01.08"]
[Round "2"]
[White "Kierzek, Matthias Dr."]
[Black "Corrales Jiménez, Fidel"]
[Result "0-1"]
[WhiteElo "2127"]
[BlackElo "2591"]
[PlyCount "76"]
[EventDate "2011.01.08"]
[SourceDate "2011.01.07"]

1. d4 Nf6 2. c4 c5 3. d5 b5 4. Bg5 Ne4 5. Bf4 Qa5+ 6. Nd2 bxc4 (6... g5 $5) 7.
Qc2 Nxd2 8. Bxd2 Qb6 9. e4 e5 (9... Na6 $5) 10. Bxc4 Be7 11. Nf3 d6 12. O-O O-O
13. Rab1 a5 14. Be3 (14. a3 $5) 14... Ba6 15. Nd2 Nd7 16. g3 $6 {La Tab1 y el
Ae3 parecían anunciar que el blanco estaba en el plan lógico: preparar b4 con
a3} Rfb8 17. Kg2 Qb7 18. Rfc1 Nb6 19. Bxa6 Rxa6 20. b3 h6 21. Qd3 Rba8 22. h4 {
sin realizar la otra ruptura temática: f4} f5 23. f3 Rf8 24. Nc4 f4 25. gxf4
exf4 26. Bf2 Nd7 27. h5 Qb8 $6 28. e5 ({omitiendo el detalle táctico} 28. Ne5
Ra7 29. Ng6 Rf7 (29... Ne5 30. Nxe5 dxe5 31. Qc4 Kh7 32. Bxc5 $18) 30. a3 $16)
28... dxe5 29. d6 Bf6 30. Qd5+ (30. Bxc5 Nxc5 31. Qd5+ Kh8 32. Qxc5 $14) 30...
Kh8 31. Bxc5 e4 $5 (31... Qe8) 32. fxe4 f3+ 33. Kf1 Qe8 {Diagrama #} 34. Ne3 $2
(34. Be3) 34... Bg5 $19 35. Ng4 Qxh5 36. Nf2 Qh2 37. Rc2 Qg2+ 38. Ke1 Qg1# 0-1

[Event "36 Abierto Ciudad de Sevilla"]
[Site "?"]
[Date "2011.01.08"]
[Round "2"]
[White "Coimbra, Margarida"]
[Black "Dizdar , Goran"]
[Result "0-1"]
[WhiteElo "2105"]
[BlackElo "2544"]
[PlyCount "132"]
[EventDate "2011.01.08"]
[SourceDate "2011.01.07"]

1. e4 e6 2. d4 d5 3. Nd2 Be7 4. Ngf3 Nf6 5. e5 Nfd7 6. Bd3 c5 7. c3 Nc6 8. O-O
g5 9. dxc5 g4 10. Nd4 Ndxe5 11. Bb5 Bxc5 {Diagrama #} 12. N2b3 (12. f4 gxf3 13.
N2xf3 Bd7 14. Bxc6 Nxc6 15. Ng5 Rf8 16. Nxh7 Qh4 17. Nf6+ Ke7 18. Be3 Nxd4 19.
Bxd4 Rac8 20. Qd2 Rh8 21. h3 Be8 22. Rf4 Qg3 23. Rf3 Qh4 24. Raf1 Bb5 25. Nxd5+
exd5 26. Bxc5+ Rxc5 27. Qe3+ Kd8 28. Qxc5 Bxf1 29. Rxf1 Qh5 30. Rf6 Qd1+ 31.
Kh2 Rxh3+ 32. gxh3 Qe2+ 33. Qf2 Qe5+ 34. Kg2 Qe4+ 35. Qf3 Qc2+ 36. Kg3 Qd2 37.
Rf5 Qe1+ 38. Kg2 Qd2+ 39. Qf2 Qh6 40. Rxd5+ Kc7 41. Qg3+ Kc6 42. Rd4 {
1-0 Carlsson,P (2394)-Berg,E (2539)/Gothenburg 2005}) 12... Bd6 13. Bf4 Qc7 $15
14. Bxe5 Bxe5 15. Qxg4 Bxh2+ 16. Kh1 h5 17. Qh4 Bd6 $17 18. Qf6 Be5 19. Qf3 Ke7
$6 (19... Bd7) 20. Rae1 Bd7 21. Qe2 Nxd4 22. Nxd4 $6 (22. cxd4 Bf4 23. Bxd7
Kxd7 24. Nc5+ Kd8 25. Qf3) 22... Bf6 23. Bxd7 Qxd7 24. Nf5+ $6 (24. Qf3) 24...
Kf8 25. Ne3 Qa4 26. Qf3 $6 (26. c4) 26... Rh6 $19 27. a3 Rd8 28. Rd1 Kg7 29.
Qh3 Qh4 30. Qxh4 Bxh4 31. Nc2 Bf6 32. Nd4 a6 33. Rfe1 Rhh8 34. Re3 Rd7 35. Rg3+
Kf8 36. Nb3 Rc7 37. Rf3 Ke7 38. Re3 Rd8 39. Nd4 Rc4 40. Nf5+ Kf8 41. Ng3 h4 42.
Ne2 Rd6 43. Ng1 Rb6 44. Re2 d4 45. cxd4 Rxd4 46. Rde1 Rd3 47. Rc2 Rdb3 48. Rc8+
Kg7 49. Re4 R6b5 50. Nf3 Bxb2 51. Rg4+ Kf6 52. Nxh4 Rc3 53. Rf4+ Ke7 54. Rxc3
Bxc3 55. Nf3 Rb1+ 56. Kh2 b5 57. Re4 Ra1 58. Re3 Bb2 59. Rb3 Bxa3 60. Nd4 Bd6+
61. g3 Ra4 62. Nf3 b4 63. Nd4 a5 64. Kg2 Ra2 65. Nb5 Bc5 66. Rf3 a4 0-1

[Event "36 Abierto Ciudad de Sevilla"]
[Site "?"]
[Date "2011.01.08"]
[Round "2"]
[White "Rizouk, Aimen"]
[Black "Morales Araujo , Frc Javier"]
[Result "1-0"]
[WhiteElo "2539"]
[BlackElo "2106"]
[PlyCount "45"]
[EventDate "2011.01.08"]
[SourceDate "2011.01.07"]

1. e4 c5 2. Nf3 Nc6 3. Bb5 e6 4. c3 Nge7 5. O-O a6 6. Ba4 b5 7. Bc2 Ng6 8. d4
cxd4 9. cxd4 d5 10. Bg5 Be7 11. Bxe7 Ngxe7 $6 12. e5 Nb4 13. Nbd2 {Diagrama #}
Qc7 (13... Nxc2 14. Qxc2 O-O) 14. Bb1 a5 15. Nb3 a4 16. Nc5 Na6 17. Bd3 Qb6 (
17... Nxc5 18. Rc1) 18. Rc1 $18 Nc6 19. Qd2 Nxd4 20. Nxd4 Nxc5 21. Bxb5+ Bd7
22. Qb4 O-O 23. Qxc5 1-0

[Event "36 Abierto Ciudad de Sevilla"]
[Site "?"]
[Date "2011.01.08"]
[Round "2"]
[White "Justiniano Marquez, Marco Antonio"]
[Black "Abbasov, Farid"]
[Result "0-1"]
[WhiteElo "2082"]
[BlackElo "2537"]
[PlyCount "80"]
[EventDate "2011.01.08"]
[SourceDate "2011.01.07"]

1. d4 Nf6 2. Nf3 g6 3. g3 Bg7 4. Bg2 O-O 5. O-O d6 6. c3 c6 7. Nbd2 Qa5 8. Re1
Qh5 9. e4 Bg4 10. Qb3 b6 11. e5 Nfd7 12. exd6 exd6 13. Qa3 d5 14. Qe7 a5 15.
Qg5 Qxg5 16. Nxg5 a4 17. a3 (17. Nf1) 17... h6 18. Bh3 $6 (18. Ngf3) 18... Bxh3
19. Nxh3 c5 20. Nf4 (20. dxc5 Nxc5 21. Nf4 Rd8 22. Nf3 Nc6 $17) 20... cxd4 21.
Nxd5 dxc3 22. bxc3 (22. Nxc3 Nc6) 22... Ra5 $15 23. Ne3 (23. Ne7+ Kh7 24. Re3
Re8 $15) 23... Bxc3 24. Rb1 b5 $6 (24... Rd8) 25. Nd5 Bg7 26. Ne4 Nc6 27. Bd2
Raa8 28. Red1 Nde5 29. Rxb5 Nd4 {Diagrama #} 30. Ndf6+ $2 Kh8 $2 (30... Bxf6
31. Nxf6+ Kg7) 31. Rxe5 $2 (31. Ra5) 31... Nf3+ 32. Kg2 Nxe5 33. Bc3 Nc4 34.
Rd7 Ra6 35. Rc7 Nxa3 36. Bb4 Nb5 37. Rb7 Rc8 38. Rxb5 Bxf6 39. Nxf6 Rxf6 40.
Ba3 Ra6 0-1

[Event "36 Abierto Ciudad de Sevilla"]
[Site "?"]
[Date "2011.01.08"]
[Round "2"]
[White "Haslinger, Stewart G."]
[Black "Camacho Calle , Pedro"]
[Result "1-0"]
[WhiteElo "2536"]
[BlackElo "2092"]
[PlyCount "69"]
[EventDate "2011.01.08"]
[SourceDate "2011.01.07"]

1. e4 c5 2. Nf3 e6 3. d4 cxd4 4. Nxd4 a6 5. Nc3 Qc7 6. Bd3 Nf6 7. O-O d6 8. f4
b5 9. Qe2 Nbd7 10. Kh1 Bb7 11. Bd2 Be7 12. b4 $5 g6 (12... O-O) 13. a4 bxa4 14.
Rxa4 O-O 15. Nb3 d5 (15... Nb6) 16. e5 {Diagrama #} Ne4 (16... Nh5 $16) 17.
Nxe4 dxe4 18. Bxe4 Bxe4 19. Qxe4 $18 Nb6 20. Ra2 Rfc8 21. Rfa1 Qc4 22. Qxc4
Nxc4 23. b5 Nxd2 24. Nxd2 Bb4 25. Ne4 a5 26. g3 Rab8 27. Rb1 Rc4 28. Nd6 Bxd6
29. exd6 a4 30. Rba1 Rxb5 (30... Kg7 31. Rxa4 Rxc2 32. d7 $6 Rd2) 31. Rxa4 Rxa4
(31... Rxc2 32. Ra8+ Kg7 33. d7) 32. Rxa4 Rd5 33. Ra6 Kf8 34. c4 Rd2 35. Ra8+
1-0

[Event "36 Abierto Ciudad de Sevilla"]
[Site "?"]
[Date "2011.01.08"]
[Round "2"]
[White "Fernandez Rodriguez, Jose A."]
[Black "Sengupta, Deep"]
[Result "0-1"]
[WhiteElo "2077"]
[BlackElo "2530"]
[PlyCount "96"]
[EventDate "2011.01.08"]
[SourceDate "2011.01.07"]

1. e4 e6 2. d4 d5 3. Nd2 Nf6 4. e5 Nfd7 5. Bd3 c5 6. c3 Nc6 7. Ne2 a5 8. O-O a4
9. f4 a3 10. b3 cxd4 11. cxd4 Qb6 12. Nf3 g6 13. Bd2 Nb4 14. Bxb4 Bxb4 15. Rc1
Nf8 16. Kh1 Bd7 17. Ng3 Bc6 18. Rf2 O-O-O 19. Rfc2 Kb8 20. Ne2 Nd7 21. Nc3 Rc8
22. Qe2 h6 23. Na4 Qa5 24. Nc3 Rhg8 25. Nd1 g5 26. f5 Qb6 27. Qe3 g4 28. Ng1 h5
29. Ne2 Bf8 30. Ndc3 h4 31. fxe6 (31. Qf4) 31... fxe6 32. Rf1 (32. Qf4 Be7 33.
Qf7 Bg5 34. Rd1) 32... Be7 33. Rf7 (33. Qh6) 33... Bg5 34. Nf4 $15 Rcf8 35.
Rxf8+ Rxf8 36. Nce2 g3 37. Rc1 (37. h3) 37... Qb4 38. Rf1 gxh2 39. Kxh2 Nb6 40.
Rf3 Ka7 {Diagrama #} 41. Qf2 (41. Qc1) 41... Qd2 $17 42. Nxe6 Rxf3 43. Qxf3
Qxa2 44. Nc5 Qd2 45. Qf2 a2 46. Ba6 a1=Q 47. Bxb7 Bd7 48. e6 Qae1 0-1

[Event "36 Abierto Ciudad de Sevilla"]
[Site "?"]
[Date "2011.01.08"]
[Round "2"]
[White "Teske, Henrik"]
[Black "Guidi, Maurizio"]
[Result "1-0"]
[WhiteElo "2520"]
[BlackElo "2068"]
[PlyCount "79"]
[EventDate "2011.01.08"]
[SourceDate "2011.01.07"]

1. d4 b6 2. e4 Bb7 3. Bd3 e6 4. c4 g6 5. Nc3 Bg7 6. Nge2 Ne7 7. Be3 h6 8. Qd2
d6 9. O-O Nd7 10. f4 f5 11. exf5 {Diagrama #} exf5 (11... Nxf5) 12. d5 $16 Nf6
13. Nd4 Bc8 14. h3 Bd7 15. Rfe1 O-O 16. Bf2 c6 17. Ne6 Bxe6 18. Rxe6 $18 Qd7
19. Rae1 Rae8 20. Bc2 Nc8 21. dxc6 Qxe6 22. Rxe6 Rxe6 23. c5 Kh7 24. cxb6 Nxb6
25. Nb5 d5 26. Nxa7 Nc4 27. Qb4 Rf7 28. Qb8 Ree7 29. Nb5 Ne8 30. b3 Nd2 31. a4
Ne4 32. a5 Nxf2 33. Kxf2 Nc7 34. Bd3 h5 35. Qb6 Ne6 36. Bf1 Bh6 37. a6 Bxf4 38.
a7 d4 39. a8=Q Be3+ 40. Ke1 1-0

[Event "36 Abierto Ciudad de Sevilla"]
[Site "?"]
[Date "2011.01.08"]
[Round "2"]
[White "Paunovic, Dragan"]
[Black "Fernandez Ruiz , Manuel Alejandro"]
[Result "1-0"]
[WhiteElo "2509"]
[BlackElo "2062"]
[PlyCount "79"]
[EventDate "2011.01.08"]
[SourceDate "2011.01.07"]

1. Nf3 Nf6 2. c4 g6 3. g3 Bg7 4. Bg2 O-O 5. O-O d6 6. Nc3 c6 7. d3 Qc7 8. Bd2
e5 9. b4 Na6 10. Rb1 Bd7 11. Qb3 Rae8 12. Rfc1 Bc8 13. e4 Nd7 14. Be3 Kh8 15.
Qa3 f5 {Diagrama #} 16. Nb5 cxb5 17. cxb5 Qd8 (17... Nac5 18. Qxa7 Qd8 19. bxc5
Nxc5 20. Bxc5 dxc5 21. Qxc5 Qxd3 22. Rd1 Qe2 23. Rd2 Qxe4 24. Re1 Qa4 25. Nxe5
$16) 18. bxa6 bxa6 19. b5 $6 (19. Nd2 $14) 19... axb5 (19... Nf6) 20. Qxd6 a6
21. Qc7 Qe7 22. Bd2 Qa3 (22... Qe6) 23. Bb4 Qxa2 24. Bxf8 Rxf8 25. exf5 gxf5
26. Qd6 e4 27. Ng5 Be5 $2 (27... Nf6) 28. Qe6 (28. Qe7 $16) 28... Qxe6 29. Nxe6
Re8 30. dxe4 fxe4 31. Ng5 $16 Kg7 32. Nxe4 Nb6 33. Re1 Bf5 34. Rbd1 Re7 35. f4
Bb2 36. Nd6 Rxe1+ 37. Rxe1 Bd4+ 38. Kh1 Bd7 39. Ne4 a5 40. Rd1 1-0

[Event "36 Abierto Ciudad de Sevilla"]
[Site "?"]
[Date "2011.01.08"]
[Round "2"]
[White "Gonzalez Garcia, Jose"]
[Black "Ortega Valle , Jose Ramon"]
[Result "1-0"]
[WhiteElo "2503"]
[BlackElo "2060"]
[PlyCount "59"]
[EventDate "2011.01.08"]
[SourceDate "2011.01.07"]

1. d4 g6 2. e4 Bg7 3. Nf3 a6 4. c3 d6 5. Bd3 Nf6 6. O-O O-O 7. Re1 Nc6 8. d5
Ne5 9. Nxe5 dxe5 10. c4 Nh5 11. Nc3 e6 12. Be2 Nf4 13. Bf1 exd5 14. cxd5 c6 15.
g3 Nh3+ 16. Kg2 cxd5 17. exd5 h5 (17... b5) 18. Be3 Ng5 (18... Bf5) 19. h4 Nh7
20. Qd2 b5 (20... Nf6) 21. Rad1 Bb7 22. Kg1 Rc8 23. Ne4 Nf6 24. Nxf6+ Bxf6 25.
Bh3 {Diagrama #} Ra8 $6 (25... Rc4) 26. d6 $16 Bf3 27. Rc1 Qb8 28. d7 Qb7 29.
Qd6 Bg7 30. Bb6 1-0

[Event "36 Abierto Ciudad de Sevilla"]
[Site "?"]
[Date "2011.01.08"]
[Round "2"]
[White "Starostits, Ilmars"]
[Black "Carretero Martinez, Francisco"]
[Result "1-0"]
[WhiteElo "2494"]
[BlackElo "2052"]
[PlyCount "77"]
[EventDate "2011.01.08"]
[SourceDate "2011.01.07"]

1. e4 Nf6 2. e5 Nd5 3. d4 d6 4. Nf3 Nb6 5. h3 g6 6. Bd3 Nc6 7. exd6 cxd6 8. O-O
Bg7 9. Bg5 h6 10. Bh4 g5 11. Bg3 g4 12. hxg4 Bxg4 13. c3 Qd7 14. Nbd2 O-O-O 15.
b4 e5 16. b5 Ne7 17. Qb3 Nf5 18. Bh2 exd4 {Diagrama #} 19. a4 $1 Qe6 (19...
dxc3 20. a5) 20. a5 Qxb3 21. Nxb3 Nd5 22. cxd4 $14 Nde7 23. Rfe1 Bf6 24. b6 a6
$2 (24... axb6) 25. Rac1+ Kb8 26. Rc7 Nd5 27. Rxf7 Bh5 28. Rxf6 Nxf6 29. Bxf5
Rhg8 30. Kf1 Bxf3 31. gxf3 Rg5 32. Bg4 Rb5 33. Nc5 Rxa5 34. Re7 Nxg4 35. fxg4
Ra1+ 36. Kg2 Rb1 37. Rxb7+ Ka8 38. Ra7+ Kb8 39. Nxa6+ 1-0

[Event "36 Abierto Ciudad de Sevilla"]
[Site "?"]
[Date "2011.01.08"]
[Round "2"]
[White "Hurtado Rueda, Manuel"]
[Black "Khamrakulov, Ibragim S."]
[Result "0-1"]
[WhiteElo "2076"]
[BlackElo "2494"]
[PlyCount "82"]
[EventDate "2011.01.08"]
[SourceDate "2011.01.07"]

1. Nf3 c5 2. c4 Nf6 3. e3 e6 4. d4 d5 5. Nbd2 Nc6 6. Be2 cxd4 7. exd4 dxc4 8.
Nxc4 Be7 9. O-O O-O 10. b3 b6 11. Bb2 Bb7 12. Nfe5 Nb4 13. a3 Nbd5 14. Rc1 Rc8
15. Bf3 b5 16. Nd2 Rxc1 17. Qxc1 b4 18. a4 Qd6 19. Ndc4 Qa6 20. Be2 Rc8 21. Bd3
Nb6 22. f3 Nxc4 23. Bxc4 Qd6 24. Qf4 (24. f4) 24... Rf8 25. Qd2 Nd5 $15 26. Nd3
Qb6 27. Qf2 a5 28. Kh1 Rc8 29. Rc1 Rd8 {Diagrama #} 30. Qg3 (30. Nc5) 30... Nc3
$17 31. Bxc3 bxc3 32. Rxc3 Qxd4 33. Rc1 Bd5 $19 34. Bb5 Bxb3 35. Qe1 Bxa4 36.
Bxa4 Qxa4 37. Ne5 Bb4 38. Qf1 h6 39. h3 Bd6 40. Rc4 Qb5 41. Nxf7 Kxf7 0-1

[Event "36 Abierto Ciudad de Sevilla"]
[Site "?"]
[Date "2011.01.08"]
[Round "2"]
[White "Lalic, Bogdan"]
[Black "Gaitan Ramirez, Alfonso"]
[Result "1-0"]
[WhiteElo "2491"]
[BlackElo "2032"]
[PlyCount "81"]
[EventDate "2011.01.08"]
[SourceDate "2011.01.07"]

1. Nf3 c5 2. c4 e6 3. Nc3 Nf6 4. g3 d5 5. cxd5 exd5 6. d4 Nc6 7. Bg2 Be7 8. O-O
O-O 9. Bg5 cxd4 10. Nxd4 h6 11. Bf4 Be6 12. Rc1 Rc8 13. Nxe6 fxe6 14. e4 e5 15.
exd5 exf4 16. dxc6 bxc6 17. Qa4 Qb6 (17... fxg3 18. hxg3 Qb6) 18. Qxf4 Qxb2 19.
Qc4+ Kh8 20. Ne2 Nd5 21. Rc2 Qe5 22. Qd4 Qxd4 (22... Qf5) 23. Nxd4 $14 Nb4 24.
Rc4 (24. Nxc6) 24... c5 25. Ne6 Rf6 26. Nf4 {Diagrama #} g5 (26... Bd6) 27. a3
gxf4 28. axb4 f3 29. Bh3 Rb8 (29... Rc7 30. Bg4) 30. bxc5 Rc6 31. Rc3 Rxc5 32.
Rxf3 Kg7 33. Re1 Bf6 34. Bf1 Rb6 35. Re8 Rc1 36. Kg2 a5 37. Ra8 Rc5 38. Ra7+
Kg8 39. Rf4 Bc3 40. Bc4+ Rxc4 41. Rxc4 1-0

[Event "36 Abierto Ciudad de Sevilla"]
[Site "?"]
[Date "2011.01.08"]
[Round "2"]
[White "Montero Campuzano, Rafael"]
[Black "Campora , Daniel H."]
[Result "0-1"]
[WhiteElo "2069"]
[BlackElo "2488"]
[PlyCount "65"]
[EventDate "2011.01.08"]
[SourceDate "2011.01.07"]

1. c4 e5 2. g3 Nf6 3. Bg2 c6 4. d4 exd4 5. Qxd4 d5 6. cxd5 cxd5 7. Nc3 Nc6 8.
Qa4 Be7 9. Nf3 O-O 10. O-O Bd7 11. Qb3 d4 12. Nd5 Nxd5 13. Qxd5 Be6 14. Qh5 Qd7
15. Ng5 Bf5 16. Bf4 f6 {Diagrama #} 17. Ne4 $2 (17. Nf3) 17... g5 (17... Ne5
$19 18. f3 (18. Bxe5 Bg4 19. Qh4 fxe5) 18... g6 19. Qh4 (19. Qh6 Nf7 20. Qh4 g5
) 19... g5) 18. Bd2 $17 Ne5 19. f3 Nc4 20. Bc1 d3 $6 21. exd3 Qxd3 22. Kh1 Ne5
23. Nf2 $2 (23. Re1) 23... Qe2 24. Bf4 $2 Nc6 (24... gxf4 25. Qxf5) (24... Bg6
$19) 25. Rae1 Qxb2 26. Bc1 Qxa2 27. f4 Bg6 28. Qh3 Bb4 29. Rd1 Rad8 30. Ne4 g4
31. Qh4 Rxd1 32. Rxd1 Qe2 33. Rf1 0-1

[Event "36 Abierto Ciudad de Sevilla"]
[Site "?"]
[Date "2011.01.08"]
[Round "2"]
[White "Saric, Ante"]
[Black "Morais , Vitor"]
[Result "1-0"]
[WhiteElo "2482"]
[BlackElo "2022"]
[PlyCount "81"]
[EventDate "2011.01.08"]
[SourceDate "2011.01.07"]

1. g3 g6 2. Bg2 Bg7 3. c4 c5 4. Nc3 Nc6 5. a3 Nf6 6. e3 e5 7. Nge2 O-O 8. O-O
d6 9. d3 Ne8 10. Rb1 a5 11. Nd5 f5 12. b4 axb4 13. axb4 cxb4 14. Nxb4 Na5 15.
Nd5 Be6 16. Bd2 Rf7 17. Rb5 Nc6 18. Qb3 Ra7 19. Rb1 Nf6 20. Nxf6+ Qxf6 21. Nc3
Bf8 22. Nd5 Qg7 23. Bc3 g5 24. Qd1 Qg6 25. Ra1 Rxa1 26. Qxa1 f4 27. Qb1 f3 28.
Bf1 Nd8 29. Ba5 Nc6 30. Bc3 Nd8 31. Ra5 h5 32. Ra8 Nc6 33. Bb4 Nxb4 34. Qxb4
Bxd5 35. cxd5 h4 36. Qg4 hxg3 37. hxg3 Qh6 38. Qc8 {Diagrama #} Kg7 $2 (38...
Qg6 $14 39. Bh3 $2 Qxd3 40. Be6 Qb1+ 41. Kh2 Qh7+) 39. Bh3 $18 Qf6 40. Be6 Re7
41. Ra7 1-0

[Event "36 Abierto Ciudad de Sevilla"]
[Site "?"]
[Date "2011.01.08"]
[Round "2"]
[White "Guerreiro, Nuno"]
[Black "Das, Arghyadip"]
[Result "0-1"]
[WhiteElo "2064"]
[BlackElo "2479"]
[PlyCount "90"]
[EventDate "2011.01.08"]
[SourceDate "2011.01.07"]

1. e4 c5 2. Nf3 d6 3. Bb5+ Nd7 4. O-O Ngf6 5. Re1 a6 6. Bf1 b6 7. b3 Bb7 8. d3
g6 9. Bb2 Bg7 10. Nbd2 O-O 11. c3 Ne5 12. Nh4 Nc6 13. d4 cxd4 14. cxd4 Rc8 15.
Rc1 d5 16. e5 Ne4 17. f3 $6 (17. Nxe4 dxe4 18. Rxe4 Nb4 19. Rxc8 Qxc8 20. Re3
Nxa2) 17... Nxd2 18. Qxd2 e6 19. g3 f6 20. f4 fxe5 21. fxe5 Qe7 22. Bd3 a5 23.
a3 Rf7 24. Rf1 Rcf8 25. Rxf7 Rxf7 26. Bb1 Qf8 27. Qd3 Bh6 28. Re1 Nb8 {
Diagrama #} 29. Nxg6 hxg6 30. Qxg6+ Kh8 31. Re2 $2 (31. Bc1 Bxc1 32. Rxc1 Qg7
33. Qh5+ Kg8 34. Bg6 Rf8 35. Qg4 $44) 31... Ba6 $19 32. Rf2 Be3 33. Qh5+ Kg8
34. Qg6+ Qg7 35. Qxe6 Bxf2+ 36. Kg2 Be3 37. Bg6 Nd7 38. Bxf7+ Qxf7 39. Qxf7+
Kxf7 40. Kf3 Bd2 41. h4 Nf8 42. g4 Ne6 43. Ba1 Bd3 44. Bb2 b5 45. Ba1 b4 0-1